|
|
|
|
| LEADER |
00000nam a22000007a 4500 |
| 008 |
190409b1995 sp ||||| |||| 00| | spa d |
| 999 |
|
|
|c 3691
|d 3691
|
| 020 |
|
|
|a 8471336464
|
| 090 |
|
|
|a 06.02.01
|b 2540
|
| 100 |
|
|
|9 4520
|a Ball, Stephen J.
|
| 245 |
1 |
3 |
|a La otra cara de la investigación educativa /
|c edición dirigida por Geoffrey Walford ; [traducción Javier Orduna Cosmen] ; [autores Stephen Ball, Colin Bell, Martin Hughes, Mairtin Mac An Ghaill, Lynda Measor, Neil Mercer, Peter Mortimore, Jennifer Nias, David Raffe, David Reynolds, Barbara Tizard, Geoffrey Walford, Peter Woods].
|
| 260 |
|
|
|a Madrid :
|b Editorial La Muralla,
|c 1995
|
| 300 |
|
|
|a 271 páginas
|
| 490 |
|
|
|a Colección aula abierta
|
| 650 |
1 |
4 |
|9 1
|a EDUCACIÓN
|
| 650 |
1 |
4 |
|9 163
|a INVESTIGACIÓN
|
| 650 |
1 |
4 |
|9 3951
|a PROYECTO DE INVESTIGACION
|
| 700 |
|
|
|9 4521
|a Bell, Colin
|
| 700 |
|
|
|9 4522
|a Hughes, Martin
|
| 700 |
|
|
|9 4523
|a Mac an Ghaill, Mairtin
|
| 700 |
|
|
|9 4524
|a Measor, Lynda
|
| 700 |
|
|
|9 4525
|a Mercer, Neil
|
| 700 |
|
|
|9 4526
|a Mortimore, Peter
|
| 700 |
|
|
|9 4527
|a Nias, Jennifer
|
| 700 |
|
|
|9 4528
|a Raffe, David
|
| 700 |
|
|
|9 4529
|a Reynolds, David
|
| 700 |
|
|
|9 4530
|a Tizard, Barbara
|
| 700 |
|
|
|9 4531
|a Walford, Geoffrey
|e Coordinador/a
|
| 700 |
|
|
|9 4532
|a Orduna Cosmen, Javier
|e Traductor/a
|
| 942 |
|
|
|i 004573
|h 06.02.01 2540
|2 z
|c 01
|